Wo haben die Spieler gespielt? Fußball Deutschland Pt. 1 - Statistiken

Allgemein
  • Dieses Quiz wurde 231 mal gespielt
  • Das Durchschnittsergebnis liegt bei 6 aus 12
Antwortstatistiken
Spieler Verein % Korrekt
Marvin FriedrichEric-Maxim Choupo Moting Joel Matip Holger Badstuber Ivan Rakitic FC Schalke 04
88%
Thorsten FringsAlexander Baumjohann Jan Kirchhoff Serdar Taşçı Sandro Wagner FC Bayern München
87%
Kevin AkpogumaManuel Gulde Clemens Fritz Karim Benyamina Oliver Kahn Karlsruher SC
75%
Daniel GinczekMax Eberl Christoph Kramer Klaus Fischer Leon Goretzka VfL Bochum
71%
Robert GlatzelChristian Fuchs Sami Allagui Du-Ri Cha Suat Serdar 1. FSV Mainz 05
61%
Marvin DuckschMartin Harnik Maximilian Beier Dennis Aogo Marius Wolf Hannover 96
50%
Anthony LosillaRobert Andrich Jens Jeremies Matthias Sammer Patrick Ebert Dynamo Dresden
47%
Martin FeninErik Jendrišek Tim Kleindienst Leonardo Bittencourt Nils Petersen Energie Cottbus
42%
Rafał GikiewiczPhillip Tietz Karim Bellarabi Dirk Schuster Felix Kroos Eintracht Braunschweig
41%
Mike WunderlichZlatko Janjic Arie van Lent Kevin Behrens Sascha Mölders Rot-Weiss Essen
29%
Andre HahnErwin Kremers Rudi Völler Aristide Bancé Denis Huseinbašić Kickers Offenbach
27%
Mateo BiondicNico Patschinski Robin Koch Daniel Buballa Milorad Pekovic Eintracht Trier
11%
Keine übereinstimmenden Quizze gefunden
Verteilung der Resultate
Anzahl Personen mit jedem Resultat
Perzentil nach korrekt beantworteten Fragen
Ihre Resultats-Entwicklung
Sie haben dieses Quiz noch nicht gespielt